Famous Trios by Picture - Statistics

General Stats
  • This quiz has been taken 55 times
  • The average score is 19 of 36
Answer Stats
Picture Answer % Correct
Harry
100%
Spongebob
96%
Hermione
92%
Neil Armstrong
92%
Lionel Messi
87%
Ron
87%
Sonic
87%
Patrick
79%
Winston Churchill
77%
Squidward
73%
Joseph Stalin
71%
Han Solo
67%
Franklin D. Roosevelt
65%
Luke Skywalker
65%
Princess Leia
65%
Buzz Aldrin
63%
Thomas Jefferson
63%
Benjamin Franklin
56%
Julius Caesar
56%
Neymar Jr.
56%
Legolas
52%
John Adams
50%
Aragorn
46%
Knuckles
46%
Luis Suárez
46%
Tails
46%
Gimli
33%
Peter Venkman
19%
Michael Collins
17%
Marcus Licinius Crassus
15%
Pompey the Great
13%
Egon Spengler
12%
Ray Stantz
8%
Lucky Day
4%
Dusty Bottoms
2%
Ned Nederlander
2%
No matching quizzes found
Score Distribution
Percent of People with Each Score
Percentile by Number Answered
Your Score History
You have not taken this quiz